01609cam a2200325Mu 4500001001300000003000900013005001700022006001900039007001500058008004100073020001800114020001500132020001800147020001500165020001800180020001500198035014700213040004400360041000800404050002800412100002200440245006300462260004900525300001800574505055600592546002201148650002301170651004001193651005001233ocn969646156Co-BoUCM20171116121320.0m o d cr |n|---|||||171116s2017 xxu r 000 0 eng d a9781316585405 a1316585409 z9781107152229 z1107152224 z9781316606407 z1316606406 a(OCoLC)969646156z(OCoLC)972457552z(OCoLC)972602928z(OCoLC)972828061z(OCoLC)973002449z(OCoLC)973082998z(OCoLC)973300829z(OCoLC)973381669 aCO-BoUCMbspacSaul NiñodSaul Niño0 aeng 4aHN110.5.A8bG29989 20161 aGaray, Candelaria10aSocial policy expansion in Latin AmericacCandelaria Garay aWest NyackbCambridge University Pressc2017 a393 páginas0 aIncluding outsiders in Latin America -- Explaining social policy expansion and policy models -- The social policy divide in Latin America -- Social mobilization, electoral competition for outsiders and inclusive social policy in Brazil -- Social mobilization and inclusive social policy in Argentina -- Electoral competition for outsiders, conservative power and restrictive social policy in Mexico -- Electoral competition for outsiders, conservative power and restrictive social policy in Chile -- Social policy expansion in comparative perspective. aTexto en inglés 7aPolítica social  0aAmérica LatinaxPolítica social 0aAmérica LatinaxCondiciones socialesy1982-